00643nam a2200229 a 4500001001300000003000900013005001700022008004100039020000800080082001700088100001900105245003300124260004200157300000800199500003500207505001000242650001800252902000800270942000700278952011300285999001500398nice12345678IN_TiNIC20260116011615.0050524s1963 oxfa grp 000 0 eng  ac600a891.593bHOW aHowell, Evelyn aPoems of Khushal Khan Khatak aOxfordbOxford University Pressc1963 a26p aincludes index and biblioraphy2 aIndex aPashto Poetry bSRS cBK 001040708StackRoom-aHMIbHMId2007-06-04g6.00l0o891.593 HOWp03305r2007-06-04v6.00w2005-05-24yBK c2862d2862